Capitali e Iniziali degli Stati - Quiz n°20 - Statistics

Statistiche generali
  • Questo quiz è stato fatto 13 volte
  • Il punteggio medio è 6 su 9
Statistiche sulle risposte
Hint Risposta % Corretto
Copenaghen D
100%
Bruxelles B
92%
Sarajevo B
83%
Berlino G
83%
Madrid S
83%
Belmopan B
58%
Kampala U
58%
Brazzaville C
33%
Lobamba E
33%
Nessun quiz corrispondente trovato
Distribuzione punteggi
Percentuale di utenti per punteggio
Percentile per numero di risposta
I tuoi punteggi nel tempo
Non hai fatto questo quiz